[Event "WchT Seniors 65"]
[Site "Prague"]
[Date "2020.03.06"]
[Round "1.9"]
[White "Vavruska, Antonin"]
[Black "Moen, Ole Christian"]
[Result "1/2-1/2"]
[WhiteElo "1971"]
[BlackElo "2192"]
[PlyCount "25"]
[EventDate "2020.03.06"]
[EventType "team-swiss"]
[EventRounds "7"]
[EventCountry "CZE"]
[SourceTitle "CBM 195 Extra"]
[Source "ChessBase"]
[SourceDate "2020.05.31"]
[SourceVersion "1"]
[SourceVersionDate "2020.05.31"]
[SourceQuality "1"]
[WhiteTeam "Czech Republic 65 VI"]
[BlackTeam "Norway 65"]
[WhiteTeamCountry "CZE"]
[BlackTeamCountry "NOR"]

1. e4 e5 2. d4 exd4 3. Bc4 Nf6 4. Nf3 Nc6 5. Ng5 Ne5 6. Bb3 d5 7. exd5 h6 8. Qxd4 Bd6 9. Nf3 Nxf3+ 10. gxf3 0-0 11. Be3 Re8 12. Nc3 Be5 13. Qd2 1/2-1/2

[Event "Prague op"]
[Site "Prague"]
[Date "2020.02.14"]
[Round "1"]
[White "Kulhanek, Tomas"]
[Black "Vavruska, Antonin"]
[Result "1-0"]
[WhiteElo "2345"]
[BlackElo "1999"]
[PlyCount "67"]
[EventDate "2020.02.14"]
[EventType "swiss"]
[EventRounds "9"]
[EventCountry "CZE"]
[SourceTitle "CBM 195 Extra"]
[Source "ChessBase"]
[SourceDate "2020.05.31"]
[SourceVersion "1"]
[SourceVersionDate "2020.05.31"]
[SourceQuality "1"]

1. e4 e6 2. d4 d5 3. e5 c5 4. c3 Qb6 5. Nf3 Bd7 6. Be2 Nc6 7. 0-0 cxd4 8. cxd4 Nge7 9. Nc3 Nf5 10. Na4 Qd8 11. g4 Nh4 12. Nxh4 Qxh4 13. Bf4 Qd8 14. Rc1 Be7 15. Nc5 Bxc5 16. Rxc5 0-0 17. Be3 f6 18. exf6 Qxf6 19. f4 Rac8 20. Qd2 Ne7 21. Rxc8 Rxc8 22. Bd3 Be8 23. Kh1 Bg6 24. f5 exf5 25. Bg5 Qf7 26. Bxe7 Qxe7 27. gxf5 Bf7 28. f6 gxf6 29. Qh6 Bg6 30. Bxg6 hxg6 31. Qxg6+ Qg7 32. Qf5 Qf8 33. Rg1+ Kf7 34. Qxd5+ 1-0

[Event "CZE-chT2E 1617"]
[Site "Czech Republic"]
[Date "2017.03.19"]
[Round "10.3"]
[White "Gasa, Patrik"]
[Black "Vavruska, Antonin"]
[Result "1-0"]
[WhiteElo "2133"]
[BlackElo "2100"]
[PlyCount "63"]
[EventDate "2016.09.10"]
[EventType "team-tourn"]
[EventRounds "11"]
[EventCountry "CZE"]
[SourceTitle "EXT 2022"]
[Source "ChessBase"]
[SourceDate "2021.10.06"]
[SourceVersion "1"]
[SourceVersionDate "2021.10.06"]
[SourceQuality "1"]
[WhiteTeam "Prusanky Podluzan"]
[BlackTeam "Stare Mesto II"]
[WhiteTeamCountry "CZE"]
[BlackTeamCountry "CZE"]

1. d4 e6 2. Nf3 f5 3. g3 d6 4. Bg2 Be7 5. c4 Nf6 6. Nc3 0-0 7. b4 Qe8 8. Qb3 Nbd7 9. Ng5 Bd8 10. h4 h6 11. Nh3 c6 12. Ba3 e5 13. d5 e4 14. Nf4 Ne5 15. c5 dxc5 16. bxc5 cxd5 17. Ncxd5 Kh7 18. 0-0 Qc6 19. Nb4 Qb5 20. Rfd1 Re8 21. Nfd5 Bd7 22. Rab1 a6 23. Bb2 Nxd5 24. Nxd5 Qxb3 25. axb3 Bc6 26. Bh3 g6 27. h5 Bg5 28. Nc7 Rac8 29. Nxe8 Rxe8 30. Rd6 gxh5 31. Bxf5+ Kg8 32. Re6 1-0

[Event "Wch Seniors 65 26th"]
[Site "Marianske Lazne"]
[Date "2016.11.21"]
[Round "3"]
[White "Vavruska, Antonin"]
[Black "Baumann, Hanspeter"]
[Result "1-0"]
[WhiteElo "2096"]
[BlackElo "1911"]
[PlyCount "53"]
[EventDate "2016.11.19"]
[EventType "swiss"]
[EventRounds "11"]
[EventCountry "CZE"]
[SourceTitle "CBM 175 Extra"]
[Source "ChessBase"]
[SourceDate "2016.12.12"]
[SourceVersion "1"]
[SourceVersionDate "2016.12.12"]
[SourceQuality "1"]

1. e4 c5 2. c3 Nf6 3. e5 Nd5 4. d4 cxd4 5. Nf3 e6 6. cxd4 Nc6 7. a3 d6 8. Bd3 dxe5 9. dxe5 Be7 10. 0-0 0-0 11. Qe2 Qc7 12. Bd2 a6 13. Nc3 Nxc3 14. Bxc3 b5 15. Rac1 Bb7 16. Qe4 g6 17. Qg4 Rac8 18. Rfe1 Rfd8 19. Bb1 Qd7 20. h4 h5 21. Qg3 Qe8 22. Be4 Rd7 23. Ng5 Kg7 24. f4 Bc5+ 25. Kh1 Ne7 26. f5 Bxe4 27. f6+ 1-0

[Event "CZE-chT1E 1516"]
[Site "Czech Republic"]
[Date "2015.12.13"]
[Round "5.7"]
[White "Splichal, Stanislav"]
[Black "Vavruska, Antonin"]
[Result "1-0"]
[WhiteElo "2138"]
[BlackElo "2080"]
[PlyCount "53"]
[EventDate "2015.10.11"]
[EventType "team-tourn"]
[EventRounds "11"]
[EventCountry "CZE"]
[SourceTitle "EXT 2017"]
[Source "ChessBase"]
[SourceDate "2016.10.25"]
[SourceVersion "1"]
[SourceVersionDate "2016.10.25"]
[SourceQuality "1"]
[WhiteTeam "Ostrava"]
[BlackTeam "Stare Mesto"]
[WhiteTeamCountry "CZE"]
[BlackTeamCountry "CZE"]

1. Nf3 e6 2. c4 f5 3. g3 Nf6 4. Bg2 Be7 5. 0-0 0-0 6. Nc3 d6 7. b4 e5 8. d3 c6 9. b5 Qe8 10. Bg5 Qh5 11. Rc1 Nbd7 12. e3 Rb8 13. Bxf6 Nxf6 14. Nd2 Qe8 15. bxc6 bxc6 16. Qa4 Bd7 17. Rb1 Qh5 18. Rxb8 Rxb8 19. Rb1 Rxb1+ 20. Ncxb1 c5 21. Qb3 h6 22. Nc3 f4 23. Qb7 fxe3 24. fxe3 Qg5 25. Nf1 a5 26. Nd5 Bf8 27. Nxf6+ 1-0

[Event "CZE-chT2F 1516"]
[Site "Czech Republic"]
[Date "2015.11.22"]
[Round "3.23"]
[White "Vavruska, Antonin"]
[Black "Rakus, Pavel"]
[Result "1-0"]
[WhiteElo "2099"]
[BlackElo "2188"]
[PlyCount "85"]
[EventDate "2015.10.18"]
[EventType "team-tourn"]
[EventRounds "11"]
[EventCountry "CZE"]
[SourceTitle "EXT 2022"]
[Source "ChessBase"]
[SourceDate "2021.10.06"]
[SourceVersion "1"]
[SourceVersionDate "2021.10.06"]
[SourceQuality "1"]
[WhiteTeam "Stare Mesto II"]
[BlackTeam "Benesov Dolni"]
[WhiteTeamCountry "CZE"]
[BlackTeamCountry "CZE"]

1. e4 c5 2. c3 d5 3. exd5 Qxd5 4. Nf3 Bg4 5. Be2 Nf6 6. Na3 e6 7. Qa4+ Nc6 8. Nc4 Rc8 9. Ne3 Qh5 10. h3 Bxf3 11. Bxf3 Qe5 12. 0-0 Bd6 13. g3 Bb8 14. d4 cxd4 15. cxd4 Qc7 16. d5 exd5 17. Nxd5 Nxd5 18. Bxd5 0-0 19. Be3 Qe5 20. Rfd1 Qh5 21. Bg2 Rfe8 22. Rd5 Qe2 23. Rd2 Qh5 24. Qb3 b6 25. Rd5 Qg6 26. Rad1 h6 27. Bd2 Be5 28. Rd7 Nd4 29. Qd5 Rc5 30. Rd8 Rxd8 31. Qxd8+ Kh7 32. Be3 Ne2+ 33. Kf1 Rc2 34. Qd5 Nxg3+ 35. fxg3 Qf6+ 36. Bf4 Bxf4 37. Qd3+ g6 38. Qxc2 Be3+ 39. Ke1 Qe5 40. Qe4 Qxg3+ 41. Ke2 Bc5 42. Rd7 Kg7 43. Kd1 1-0

[Event "CZE-chT2E 1415"]
[Site "Czech Republic"]
[Date "2015.02.22"]
[Round "8.4"]
[White "Vavruska, Antonin"]
[Black "Holemar, David"]
[Result "1/2-1/2"]
[WhiteElo "2058"]
[BlackElo "2221"]
[PlyCount "27"]
[EventDate "2014.11.02"]
[EventType "team-tourn"]
[EventRounds "11"]
[EventCountry "CZE"]
[SourceTitle "EXT 2022"]
[Source "ChessBase"]
[SourceDate "2021.10.06"]
[SourceVersion "1"]
[SourceVersionDate "2021.10.06"]
[SourceQuality "1"]
[WhiteTeam "Stare Mesto II"]
[BlackTeam "Brno Moravska Slavia"]
[WhiteTeamCountry "CZE"]
[BlackTeamCountry "CZE"]

1. e4 c5 2. c3 d5 3. exd5 Qxd5 4. Nf3 g6 5. Na3 Bg7 6. Bc4 Qd8 7. 0-0 Nh6 8. d4 cxd4 9. Nxd4 0-0 10. Bg5 Nd7 11. Qe2 Nf6 12. Rad1 Qb6 13. h3 Nf5 14. Bb3 1/2-1/2

[Event "CZE-chT2E 1314"]
[Site "Czech Republic"]
[Date "2014.02.16"]
[Round "8.4"]
[White "Adamcik, Martin"]
[Black "Vavruska, Antonin"]
[Result "1/2-1/2"]
[WhiteElo "2177"]
[BlackElo "2134"]
[PlyCount "74"]
[EventDate "2013.11.03"]
[EventType "team-tourn"]
[EventRounds "11"]
[EventCountry "CZE"]
[SourceTitle "EXT 2016"]
[Source "ChessBase"]
[SourceDate "2015.10.08"]
[SourceVersion "1"]
[SourceVersionDate "2015.10.08"]
[SourceQuality "1"]
[WhiteTeam "Prostejov"]
[BlackTeam "Stare Mesto II"]
[WhiteTeamCountry "CZE"]
[BlackTeamCountry "CZE"]

1. Nf3 e6 2. c4 f5 3. g3 Nf6 4. Bg2 Be7 5. 0-0 0-0 6. d4 d6 7. Nc3 Qe8 8. b3 Qh5 9. Ba3 Nbd7 10. e3 g5 11. Ne1 Qg6 12. Nd3 Ne4 13. Qe1 Nxc3 14. Qxc3 Nf6 15. f3 c6 16. Rae1 Qg7 17. e4 fxe4 18. fxe4 e5 19. dxe5 Ng4 20. Rxf8+ Bxf8 21. Bb2 Nxe5 22. Nxe5 dxe5 23. Qxe5 Qxe5 24. Bxe5 Bc5+ 25. Kh1 Bg4 26. Bf6 h6 27. h3 Be6 28. g4 a5 29. Rd1 a4 30. Rd8+ Rxd8 31. Bxd8 Bd4 32. Bf1 a3 33. Kg2 Kf7 34. Kf3 b5 35. Ba5 c5 36. Bd2 Kf6 37. Bd3 b4 1/2-1/2

[Event "CZE-chT2E 1314"]
[Site "Czech Republic"]
[Date "2014.01.19"]
[Round "6.4"]
[White "Kratochvil, Karel"]
[Black "Vavruska, Antonin"]
[Result "1-0"]
[WhiteElo "2231"]
[BlackElo "2134"]
[PlyCount "40"]
[EventDate "2013.11.03"]
[EventType "team-tourn"]
[EventRounds "11"]
[EventCountry "CZE"]
[SourceTitle "EXT 2016"]
[Source "ChessBase"]
[SourceDate "2015.10.08"]
[SourceVersion "1"]
[SourceVersionDate "2015.10.08"]
[SourceQuality "1"]
[WhiteTeam "Brno Lokomotiva II"]
[BlackTeam "Stare Mesto II"]
[WhiteTeamCountry "CZE"]
[BlackTeamCountry "CZE"]

1. d4 f5 2. c4 e6 3. g4 fxg4 4. h3 Qh4 5. Bf4 Nf6 6. Bg3 Qh5 7. Bg2 Qa5+ 8. Nc3 Bb4 9. Qd3 gxh3 10. Nxh3 d6 11. Kf1 Bxc3 12. bxc3 Nbd7 13. Nf4 Nf8 14. Bf3 Qa6 15. Bh5+ Nxh5 16. Nxh5 Rg8 17. Bh4 Qa5 18. d5 exd5 19. cxd5 Ng6 20. Qe3+ Ne5 1-0